Организация и управление производством (основы менеджмента): электронный курс
| Autore principale: | |
|---|---|
| Ente Autore: | |
| Riassunto: | Заглавие с экрана В курсе "Организация и управление производством (основы менеджмента)" рассматриваются основные понятия экономики нефтегазового предприятия, раскрывается специфика производственного управления нефтегазовым предприятием; выявлены особенности функционирования нефтегазовых компаний, их состояние и перспективы развития. особое внимание уделяется особенностям функционирования предприятий нефтегазовой отрасли, корпоративной политике, ценовой политике, способам организации сбыта товаров и услуг. Знания, полученные в курсе, помогут работать с нормативно-технической документацией, анализировать и интерпретировать полученные результаты, выбирать методы и средства контроля за разработкой проектно-сметной документации, подбирать методики решения и анализа задач по составлению календарных, оперативных и бизнес-планов, критически оценивать полученные теоретические и экспериментальные данные, делать выводы. Доступ по логину и паролю |
| Lingua: | russo |
| Pubblicazione: |
Томск, TPU Moodle, 2016
|
| Soggetti: | |
| Accesso online: | https://design.lms.tpu.ru/course/view.php?id=1477 |
| Natura: | MixedMaterials Elettronico Libro |
| KOHA link: | https://koha.lib.tpu.ru/cgi-bin/koha/opac-detail.pl?biblionumber=652085 |
MARC
| LEADER | 00000nlm0a2200000 4500 | ||
|---|---|---|---|
| 001 | 652085 | ||
| 005 | 20240125165647.0 | ||
| 035 | |a (RuTPU)RU\TPU\network\17348 | ||
| 035 | |a RU\TPU\network\17347 | ||
| 090 | |a 652085 | ||
| 100 | |a 20161201d2016 m y0rusy50 ca | ||
| 101 | 0 | |a rus | |
| 102 | |a RU | ||
| 105 | |a a j 000zy | ||
| 135 | |a jrcn ---uucaa | ||
| 181 | 0 | |a i | |
| 182 | 0 | |a b | |
| 200 | 1 | |a Организация и управление производством (основы менеджмента) |e электронный курс |f Т. С. Глызина |g Национальный исследовательский Томский политехнический университет (ТПУ), Институт природных ресурсов (ИПР), Кафедра экономики природных ресурсов (ЭПР) | |
| 203 | |a Текст |c электронный | ||
| 210 | |a Томск |c TPU Moodle |d 2016 | ||
| 300 | |a Заглавие с экрана | ||
| 330 | |a В курсе "Организация и управление производством (основы менеджмента)" рассматриваются основные понятия экономики нефтегазового предприятия, раскрывается специфика производственного управления нефтегазовым предприятием; выявлены особенности функционирования нефтегазовых компаний, их состояние и перспективы развития. особое внимание уделяется особенностям функционирования предприятий нефтегазовой отрасли, корпоративной политике, ценовой политике, способам организации сбыта товаров и услуг. Знания, полученные в курсе, помогут работать с нормативно-технической документацией, анализировать и интерпретировать полученные результаты, выбирать методы и средства контроля за разработкой проектно-сметной документации, подбирать методики решения и анализа задач по составлению календарных, оперативных и бизнес-планов, критически оценивать полученные теоретические и экспериментальные данные, делать выводы. | ||
| 333 | |a Доступ по логину и паролю | ||
| 606 | 1 | |a Предприятия |x Экономика |x Управление |2 stltpush |3 (RuTPU)RU\TPU\subj\36690 |9 57983 | |
| 610 | 1 | |a электронный ресурс | |
| 610 | 1 | |a труды учёных ТПУ | |
| 610 | 1 | |a электронное обучение | |
| 610 | 1 | |a электронные курсы ТПУ | |
| 610 | 1 | |a менеджмент | |
| 610 | 1 | |a стратегии | |
| 610 | 1 | |a миссия | |
| 610 | 1 | |a предприятия | |
| 610 | 1 | |a государственное управление | |
| 610 | 1 | |a организационная структура | |
| 610 | 1 | |a учебные пособия | |
| 610 | 1 | |a электронные учебные пособия | |
| 686 | |a У9(2)29-2я73 |2 rubbk | ||
| 700 | 1 | |a Глызина |b Т. С. |c химик-технолог |c старший преподаватель Томского политехнического университета, кандидат химических наук |f 1975- |g Татьяна Святославовна |3 (RuTPU)RU\TPU\pers\25610 |9 11539 | |
| 712 | 0 | 2 | |a Национальный исследовательский Томский политехнический университет (ТПУ) |b Институт природных ресурсов (ИПР) |b Кафедра экономики природных ресурсов (ЭПР) |3 (RuTPU)RU\TPU\col\18668 |
| 801 | 2 | |a RU |b 63413507 |c 20220210 |g RCR | |
| 856 | 4 | |u https://design.lms.tpu.ru/course/view.php?id=1477 | |
| 942 | |c CF | ||